Obrazy, które zostały sprzedane w największej ilości egzemplarzy - Statystyki

Ogólne statystyki
  • Ten quiz został rozwiązany 23 razy
  • Średni wynik to 2 z 10
Statystyki odpowiedzi
Autor Ilość sprzedanych egzemplarzy Obraz % Poprawnych
Leonardo da Vinci Setki milionów Mona Lisa
95%
Edvard Munch Około 35 mln Krzyk
84%
Gustav Klimt Około 50 mln Pocałunek
53%
Vincent van Gogh Około 100 mln Gwiezdna noc
5%
Marc Chagall Około 20 mln Lalki
5%
Rembrandt van Rijn Około 30 mln Nocna straż
0%
Pablo Picasso Około 50 mln Skrzypce i winogrona
0%
Vincent van Gogh Około 20 mln The Red Vineyard
0%
Katsushika Hokusai Około 40 mln Wielki Falochron
0%
Claude Monet Około 25 mln Ziemia, woda, ogień
0%
Nie znaleziono quizów pasujących do podanych kryteriów
Rozkład punktacji
Procent ludzi z każdym wynikiem
Percentyl według liczby udzielonych odpowiedzi
Twoja historia wyników
Nie rozwiązałeś tego quizu